Welcome to CU Library Online Public Access Catalogue (OPAC)

Life's ultimate questions : (Record no. 3511)

MARC details
000 -LEADER
fixed length control field 01319cam a22003374a 4500
001 - CONTROL NUMBER
control field 2157537
003 - CONTROL NUMBER IDENTIFIER
control field OSt
005 - DATE AND TIME OF LATEST TRANSACTION
control field 20250206175111.0
008 - FIXED-LENGTH DATA ELEMENTS--GENERAL INFORMATION
fixed length control field 990325s1999 miua b 001 0 eng
010 ## - LIBRARY OF CONGRESS CONTROL NUMBER
LC control number 99026079
020 ## - INTERNATIONAL STANDARD BOOK NUMBER
International Standard Book Number 0310223644 (alk. paper)
020 ## - INTERNATIONAL STANDARD BOOK NUMBER
Canceled/invalid ISBN 9780310873068
Qualifying information ebook
035 ## - SYSTEM CONTROL NUMBER
System control number (DLC) 99026079
040 ## - CATALOGING SOURCE
Original cataloging agency DLC
Transcribing agency DLC
Modifying agency DLC
042 ## - AUTHENTICATION CODE
Authentication code pcc
050 00 - LIBRARY OF CONGRESS CALL NUMBER
Classification number BR100
Item number .N27 1999
082 00 - DEWEY DECIMAL CLASSIFICATION NUMBER
Classification number 190
Edition information 21
100 1# - MAIN ENTRY--PERSONAL NAME
Personal name Nash, Ronald H.
245 10 - TITLE STATEMENT
Title Life's ultimate questions :
Remainder of title an introduction to philosophy /
Statement of responsibility, etc. Ronald H. Nash.
260 ## - PUBLICATION, DISTRIBUTION, ETC.
Place of publication, distribution, etc. Grand Rapids, MI :
Name of publisher, distributor, etc. Zondervan Publishing House,
Date of publication, distribution, etc. c1999.
300 ## - PHYSICAL DESCRIPTION
Extent 395 p. ;
Other physical details ill. ;
Dimensions 25 cm.
504 ## - BIBLIOGRAPHY, ETC. NOTE
Bibliography, etc. note Includes bibliographical references (p. 385) and index.
650 #0 - SUBJECT ADDED ENTRY--TOPICAL TERM
Topical term or geographic name entry element Christianity
General subdivision Philosophy.
650 #0 - SUBJECT ADDED ENTRY--TOPICAL TERM
Topical term or geographic name entry element Philosophy
Form subdivision Introductions.
856 42 - ELECTRONIC LOCATION AND ACCESS
Materials specified Publisher description
Uniform Resource Identifier <a href="http://www.loc.gov/catdir/enhancements/fy0633/99026079-d.html">http://www.loc.gov/catdir/enhancements/fy0633/99026079-d.html</a>
856 41 - ELECTRONIC LOCATION AND ACCESS
Materials specified Table of contents only
Uniform Resource Identifier <a href="http://www.loc.gov/catdir/enhancements/fy0633/99026079-t.html">http://www.loc.gov/catdir/enhancements/fy0633/99026079-t.html</a>
856 41 - ELECTRONIC LOCATION AND ACCESS
Materials specified Sample text
Uniform Resource Identifier <a href="http://www.loc.gov/catdir/enhancements/fy0642/99026079-s.html">http://www.loc.gov/catdir/enhancements/fy0642/99026079-s.html</a>
906 ## - LOCAL DATA ELEMENT F, LDF (RLIN)
a 7
b cbc
c orignew
d 1
e ocip
f 19
g y-gencatlg
942 ## - ADDED ENTRY ELEMENTS (KOHA)
Source of classification or shelving scheme Library of Congress Classification
Koha item type Books
Suppress in OPAC No
Holdings
Withdrawn status Lost status Source of classification or shelving scheme Damaged status Not for loan Collection Home library Current library Shelving location Date acquired Total checkouts Full call number Barcode Date last seen Copy number Price effective from Koha item type
    Library of Congress Classification     Non-fiction Graduate Library (Christ Temple) Graduate Library (Christ Temple) General stacks 02/06/2025   BR 100 NAS GSCT00000472 02/06/2025 1 02/06/2025 Books
© 2023-2024 Copyright: Central University Libraries. All Rights Reserved | Created by: Mahone Tech Office